[Event "RSA-chT Regions"]
[Site "Cape Town"]
[Date "2016.01.10"]
[Round "6.2"]
[White "Bezuidenhout, Roland Reinhold"]
[Black "Haupt, Clayton"]
[Result "1-0"]
[WhiteElo "2035"]
[BlackElo "1549"]
[PlyCount "51"]
[EventDate "2016.01.08"]
[EventType "team-swiss"]
[EventRounds "7"]
[EventCountry "RSA"]
[SourceTitle "CBM 170 Extra"]
[Source "ChessBase"]
[SourceDate "2016.02.25"]
[SourceVersion "1"]
[SourceVersionDate "2016.02.25"]
[SourceQuality "1"]
[WhiteTeam "Tshwane II"]
[BlackTeam "EThekwini"]
[WhiteTeamCountry "RSA"]
[BlackTeamCountry "RSA"]

1. e4 c5 2. Nf3 Nc6 3. Bb5 a6 4. Bxc6 bxc6 5. d4 cxd4 6. Qxd4 d5 7. Qa4 Bd7 8. Ne5 Qc7 9. Bf4 Qb7 10. 0-0 e6 11. c4 Nf6 12. Nxd7 Qxd7 13. e5 Ne4 14. b4 Be7 15. f3 dxc4 16. fxe4 Qd4+ 17. Kh1 0-0 18. Na3 Rfc8 19. Rac1 c3 20. Qb3 Qxe4 21. Nc4 g5 22. Bg3 Rab8 23. Nd6 Bxd6 24. exd6 Rd8 25. Qxc3 Rxb4 26. Qf6 1-0

[Event "RSA-chT Regions"]
[Site "Cape Town"]
[Date "2016.01.10"]
[Round "7.3"]
[White "Khumalo, Keith"]
[Black "Haupt, Clayton"]
[Result "1-0"]
[WhiteElo "1616"]
[BlackElo "1549"]
[PlyCount "35"]
[EventDate "2016.01.08"]
[EventType "team-swiss"]
[EventRounds "7"]
[EventCountry "RSA"]
[SourceTitle "CBM 170 Extra"]
[Source "ChessBase"]
[SourceDate "2016.02.25"]
[SourceVersion "1"]
[SourceVersionDate "2016.02.25"]
[SourceQuality "1"]
[WhiteTeam "Johannesburg Metro II"]
[BlackTeam "EThekwini"]
[WhiteTeamCountry "RSA"]
[BlackTeamCountry "RSA"]

1. d4 d5 2. e3 Nf6 3. Bd3 e6 4. Nd2 c5 5. c3 Nc6 6. f4 Be7 7. Ngf3 0-0 8. 0-0 c4 9. Bc2 b5 10. Ne5 Bb7 11. Rf3 Nxe5 12. fxe5 Ne4 13. Rh3 Bg5 14. Qg4 f6 15. Qxe6+ Kh8 16. Nxe4 dxe4 17. Qf5 g6 18. Qxg6 1-0